|
|
|
|
| LEADER |
00000cam a2200000 7i4500 |
| 001 |
0000016206 |
| 005 |
20080424.0 |
| 008 |
080424 |
| 020 |
|
|
|a 9831921380
|
| 090 |
0 |
0 |
|a 297.082
|b SAR
|
| 100 |
0 |
|
|a Saridah Hamid
|
| 245 |
1 |
0 |
|a Selembut bicara :
|b kisah-kisah inspirasi untuk wanita
|c Saridah Hamid
|
| 260 |
|
|
|a Selangor :
|b PTS Islamika ,
|c 2006
|
| 440 |
|
|
|a Hikmah
|
| 650 |
|
0 |
|a Women in Islam
|x Anecdotes
|
| 650 |
|
0 |
|a Women
|x Anecdotes
|
| 999 |
|
|
|a 0000940630
|b Book
|c Adult Collection
|e Cawangan Taman Sri Lambak
|
| 999 |
|
|
|a 0001018990
|b Book
|c Adult Collection
|e Perbadanan Perpustakaan Awam Johor
|
| 999 |
|
|
|a 0001018991
|b Book
|c Adult Collection
|e Perbadanan Perpustakaan Awam Johor
|
| 999 |
|
|
|a 0001018992
|b Book
|c Adult Collection
|e Perbadanan Perpustakaan Awam Johor
|
| 999 |
|
|
|a 0001018993
|b Book
|c Adult Collection
|e Perbadanan Perpustakaan Awam Johor
|
| 999 |
|
|
|a 0001018994
|b Book
|c Adult Collection
|e Perbadanan Perpustakaan Awam Johor
|